Loading...
| Science - Physics | 0 | 4 | 0 | 2 | 40 | 95 | 113.50 | 0 | 3 | 3.75 | 18.18 |
| Literature - American | 0 | 4 | 0 | 2 | 40 | 83 | 125.25 | 0 | 1 | 3.80 | 14.55 |
| Science - Other | 0 | 4 | 1 | 0 | 35 | 79 | 91.75 | 1 | 4 | 10.38 | 27.27 |
| History - American | 0 | 4 | 1 | 0 | 35 | 59 | 74.25 | 1 | 4 | 14.98 | 30.45 |
| Science - Biology | 0 | 3 | 1 | 1 | 25 | 89 | 102.67 | 1 | 2 | 4.24 | 14.55 |
| History - World | 0 | 2 | 0 | 0 | 20 | 42 | 43.00 | 1 | 2 | 12.10 | 16.36 |
| History - Other | 0 | 3 | 2 | 0 | 20 | 86 | 95.00 | 1 | 3 | 7.57 | 21.82 |
| Fine Arts - Other | 0 | 2 | 0 | 0 | 20 | 117 | 125.50 | 0 | 1 | 1.38 | 5.45 |
| Social Science | 0 | 1 | 0 | 1 | 10 | 130 | 130.00 | 0 | 0 | 0.00 | 1.82 |
| Fine Arts - Painting and Sculpture | 0 | 1 | 0 | 0 | 10 | 99 | 99.00 | 1 | 1 | 2.42 | 9.09 |
| Literature - World | 0 | 1 | 0 | 0 | 10 | 106 | 106.00 | 0 | 1 | 2.49 | 5.45 |
| Philosophy | 0 | 1 | 0 | 0 | 10 | 121 | 121.00 | 0 | 0 | 1.06 | 3.64 |
| Pop Culture | 0 | 1 | 0 | 0 | 10 | 18 | 18.00 | 1 | 1 | 43.57 | 50.00 |
| Religion | 0 | 1 | 0 | 1 | 10 | 145 | 145.00 | 0 | 1 | 0.00 | 1.82 |
| Fine Arts - Classical Music | 0 | 1 | 0 | 0 | 10 | 124 | 124.00 | 0 | 0 | 0.00 | 1.82 |
| Literature - British | 0 | 1 | 2 | 0 | 0 | 122 | 122.00 | 0 | 1 | 1.28 | 7.27 |
| Science - Chemistry | 0 | 0 | 0 | 0 | 0 | 0.00 | 0 | 0 | 0.00 | 0.00 | |
| Literature - European | 0 | 0 | 1 | 0 | -5 | 0.00 | 0 | 0 | 0.00 | 0.00 |